Statistics for Australian Slang

Click here to take the quiz!

General Stats

  • This quiz has been taken 24,057 times
  • The average score is 12 of 20

Answer Stats

SlangMeaning% Correct
BlokeMan
92%
BarbieBarbecue
84%
BrekkieBreakfast
84%
OzAustralia
80%
SheilaWoman
80%
SunniesSunglasses
75%
Macca'sMcDonald's
72%
ThongFlip-flop
70%
PrezziePresent
70%
MozzieMosquito
60%
BathersSwimsuit
59%
DunnyToilet
57%
ArvoAfternoon
56%
ChokkieChocolate
55%
ChookChicken
49%
ServoGas Station
44%
BrizzieBrisbane
41%
BrumbyFeral Horse
32%
FaceyFacebook
22%
DiggerSoldier
21%

Score Distribution

Percentile by Number Answered

Percent of People with Each Score

Your Score History

You have not taken this quiz